Normal view
MARC view
- Rabbia mehdi-sup-Dr. Aneela Javed
Entry Personal Name
001 - CONTROL NUMBER
- control field: 28853
003 - CONTROL NUMBER IDENTIFIER
- control field: NUST
005 - DATE AND TIME OF LATEST TRANSACTION
- control field: 20200308165108.0
008 - FIXED-LENGTH DATA ELEMENTS
- fixed length control field: 200308|| aca||aabn | a|a d
040 ## - CATALOGING SOURCE
- Original cataloging agency: NUST
- Transcribing agency: NUST
100 ## - HEADING--PERSONAL NAME
- Personal name: Rabbia mehdi-sup-Dr. Aneela Javed
670 ## - SOURCE DATA FOUND
- Source citation: Work cat.: (NUST)479968: Rabbia mehdi-sup-Dr. Aneela Javed, Th-mphil-Evaluating the expression of FAM26F gene in different viral infections
